| 000 | 01172nam a2200325Ia 4500 | ||
|---|---|---|---|
| 001 | dia_985 | ||
| 003 | CHAP | ||
| 005 | 20240716132247.0 | ||
| 008 | 220117s1969 xx 000 0 und d | ||
| 010 | _a171534 | ||
| 040 | _cCHAP | ||
| 082 | _a338.16 Z67 1969 | ||
| 100 |
_aZorrilla Vázquez G., Emilio _9149712 |
||
| 245 |
_aLa industrialización del campo : aspectos de su problemática y ejecución / _c Emilio Zorrilla Vázquez G. |
||
| 260 |
_aMéxico : _b C.P. Centro de Economía Agrícola, _c1969 |
||
| 300 | _a1 v. (en varias paginaciones) | ||
| 440 |
_aInvestigaciones Económico Agrícolas _9149713 |
||
| 503 | _aD. | ||
| 590 | _aHD9000.5 Z67 1969 | ||
| 650 |
_aAgricultura _xAspectos económicos _xMéxico _9138160 |
||
| 650 | 0 |
_aAgricultural industry _9147917 |
|
| 650 | 0 |
_aAgriculture _xEconomic aspects _zMexico _9147546 |
|
| 650 |
_aIndustralización _xProductos agrícolas _9149714 |
||
| 650 |
_aIndustria agrícola _9137236 |
||
| 650 |
_aIndustrialization _xAgricultural products _9149715 |
||
| 901 | _a338.16 Z67 1969 | ||
| 902 | _aM | ||
| 905 | _a5232271969 mx in 8223223322spa16 | ||
| 942 |
_cLIBRO _2ddc |
||
| 999 |
_c171534 _d171534 |
||